000 00326nam a2200133Ia 4500
005 20251223000718.0
008 251222s9999||||xx |||||||||||||| ||spa||
082 _a303.483.3/S37
100 _aSelaimen, Graciela
245 0 _aCúpula sobre a Sociedade da Informação:
250 _a1ra.ed.
264 _bRits
942 _cLIB
999 _c41544
_d41544